| 000 | 00708nam a2200193 4500 | ||
|---|---|---|---|
| 001 | 124211 | ||
| 003 | ES-MaACL | ||
| 005 | 20230906192339.0 | ||
| 007 | t| | ||
| 008 | 070214s1911 sp r ||||1| spa d | ||
| 100 | 1 |
_aRas, Aurelio. _995476 |
|
| 245 | 1 | 0 |
_aConsideraciones sobre los sindicatos capitalistas _b: discurso leído por Don Aurelio Ras en la inaguración del curso de 1911 a 1912 celebrada el día 26 de Octubre de 1911 / _cAurelio Ras. |
| 260 |
_aBarcelona : _bGuinart y Pujolar, _c1911. |
||
| 300 |
_a43 p. ; _c21 cm. |
||
| 500 | _aPrecede al Tit : Societat d'Estudis Economics. | ||
| 710 | 2 |
_aSocietat d'Estudis Economics. _9207986 |
|
| 852 |
_aES-MaACL _jT-1257-F-2 |
||
| 999 |
_c124211 _d124211 |
||